ՀՀ Գիտությունների ազգային ակադեմիայի հիմնարար գիտական գրադարան  =   Fundamental Scientific Library of NAS RA

Կրթության փիլիսոփայություն : (Record no. 254222)

MARC details
000 -LEADER
fixed length control field 00797nam a2200217 a 4500
001 - CONTROL NUMBER
control field 000685628
003 - CONTROL NUMBER IDENTIFIER
control field AM-YEHGA
005 - DATE AND TIME OF LATEST TRANSACTION
control field 20250617142241.0
008 - FIXED-LENGTH DATA ELEMENTS--GENERAL INFORMATION
fixed length control field 090924s2009 ai |r|||| 000 0 arm d
020 ## - INTERNATIONAL STANDARD BOOK NUMBER
International Standard Book Number 9789939560335
040 ## - CATALOGING SOURCE
Original cataloging agency AM-YeHGA
041 0# - LANGUAGE CODE
Language code of text/sound track or separate title arm
090 ## - LOCALLY ASSIGNED LC-TYPE CALL NUMBER (OCLC); LOCAL CALL NUMBER (RLIN)
-- 255822
100 1# - MAIN ENTRY--PERSONAL NAME
Personal name Խաչատրյան, Սերոբ Հովսեփի
245 10 - TITLE STATEMENT
Title Կրթության փիլիսոփայություն :
Remainder of title Ձեռնարկ ուսանողների համար /
Statement of responsibility, etc. Ս. Խաչատրյան.
260 ## - PUBLICATION, DISTRIBUTION, ETC.
Place of publication, distribution, etc. Երեւան :
Name of publisher, distributor, etc. Լինգվա,
Date of publication, distribution, etc. 2009.
300 ## - PHYSICAL DESCRIPTION
Extent 132 էջ.
650 14 - SUBJECT ADDED ENTRY--TOPICAL TERM
Topical term or geographic name entry element Կրթության փիլիսոփայություն
General subdivision Ձեռնարկ
710 2# - ADDED ENTRY--CORPORATE NAME
Corporate name or jurisdiction name as entry element Վ. Բրյուսովի անվ. Երևանի պետական լեզվաբանական համալսարան
942 ## - ADDED ENTRY ELEMENTS (KOHA)
Koha item type Գրքեր / Books
Source of classification or shelving scheme Universal Decimal Classification
Holdings
Withdrawn status Lost status Damaged status Not for loan Collection Home library Current library Date acquired Cost, normal purchase price Shelving control number Total checkouts Full call number Barcode Date last seen Price effective from Koha item type Public note Source of classification or shelving scheme
        General Fundamental Scientific Library Fundamental Scientific Library 29/12/2016 1000.00     AII/94768 FL0128108 29/12/2016 29/12/2016 Գրքեր / Books 30 Days Loan  
        General Fundamental Scientific Library Fundamental Scientific Library 08/11/2024       AII/112461 FL0684464 08/11/2024 08/11/2024 Գրքեր / Books 30 Days Loan Universal Decimal Classification
        General Fundamental Scientific Library Fundamental Scientific Library 08/11/2024       AII/112460 FL0684465 08/11/2024 08/11/2024 Գրքեր / Books 30 Days Loan Universal Decimal Classification


ՀՀ ԳԱԱ հիմնարար գիտական գրադարան
ՀՀ,Երևան 0019
Մարշալ Բաղրամյան 24/6
հեռախոս:(374-10) 52-47-50
Հետադարձ կապ

All site content, except where otherwise noted, is licensed under a
Creative Commons License